000 00484cam a22002054a 4500
005 20250605164307.0
008 250528s ||||||||||||||||||||||||d
035 _a22320
020 _a9780077096007
040 _aGR-AtMCL
_bgre
_dGR-AtMCL
_eAACR2
245 1 _aWEB DATABASE SYSTEMS
250 _a1
260 _bMcgraw Hill,
_c2001
300 _a468
700 1 _aEaglestone Barry
_98179
700 1 _aRidley Mick
_98180
942 _cBK
999 _c7374
_d7374